000 00797nam a22002177a 4500
005 20110929165917.0
010 _aG-001644
020 _c295.00
_a8187077735
035 1 d _aG-001644
037 _bGift
082 _a133.503
100 _aLilly, William
_935102
245 E _aEncyclopedia of astrlogy with 100 example tables /
_cby William Lilly
250 _a
260 _aNew Delhi
_bAjay Book Service
_c2010
270 _a4215/1, Ansari Road, Darya Ganj
_bNew Delhi
_e110002
300 _aix, 493p.
_c24cm(pbk)
942 _2ddc
_cEN
_h133.503
_mLIL
999 _c57188
_d57188